| 000 | 00369nam a2200133 4500 | ||
|---|---|---|---|
| 001 | 116369 | ||
| 003 | ES-MaACL | ||
| 007 | t| | ||
| 008 | 061121s1967 mx r ||||1| spa d | ||
| 245 | 0 | 3 |
_aEl parnaso mexicano _b: (Los trovadores de México). |
| 260 |
_aMéxico : _bEd. Nacional, _c1967. |
||
| 300 |
_a351 p. 8 lám. ; _c17 cm. |
||
| 852 |
_aES-MaACL _jE-9814 _bR.93815 |
||
| 999 |
_c116369 _d116369 |
||